000 00484nam a2200169 a 4500
001 000048033
005 20240228130646.0
008 181102s2017 dr a 000 spa d
020 _a9789945168754
040 _aDO-SdBNP
_bspa
_cBNPHU
082 _axxx
_bR763
100 1 _aRomero, Santo
_97021
245 4 _aLas damas y nuestro medio ambiente. /
_cSanto Romero.
260 _aSanto Domingo :
_bBúho,
_c2017.
300 _a636 p. :
_bil. ;
_c24 cm.
590 _aInventariado, 2018 / DG
999 _c47521
_d47521